| 000 | 00571nam a22001817a 4500 | ||
|---|---|---|---|
| 003 | PILC | ||
| 005 | 20160527085020.0 | ||
| 008 | 160527b xxu||||| |||| 00| 0 eng d | ||
| 020 | _a9781442548480 | ||
| 050 |
_aHF 5718 _b.D993 2013 |
||
| 100 | _aDwyer, Judith. | ||
| 245 |
_aCommunication for business and the professions : _bstrategies and skills / _cJudith Dwyer. |
||
| 260 |
_aAustralia : _bPearson, _c2013. |
||
| 300 |
_axxii, 698 pages : _billustrations ; _c26 cm. |
||
| 500 | _aIncludes glossary and index. | ||
| 650 | _aBusiness communication. | ||
| 942 |
_2lcc _cBK |
||
| 999 |
_c295004 _d295004 |
||